000 00534nam a2200217Ia 4500
003 OSt
005 20220928151626.0
006 a|||||r|||| 00| 0
007 ta
008 220927b |||||||| |||| 00| 0 eng d
024 _a129036
037 _cTextual
040 _aSDCL
_cSDCL
_beng
041 _2eng
_aeng
082 _aO-,3M57,S, D7
100 _aConrad Joseph
245 0 _aSecret agent
_b A simple tale.
260 _c1907
942 _hO-,3M57,S, D7
_cTEXL
_2CC
999 _c852196
_d852196